000
00322 a2200157 4500
001
76214
020
_a
9788592736217
040
_c
Anchieta - Colégio São Paulo
100
_a
Valle, Cassia
240
1
0
_a
Calu
_l
por
245
1
0
_a
Calu
300
_a
28
362
0
_a
2017
650
4
_a
Literatura infantil
942
_c
BK
999
_c
76214
_d
76214